Podmienky na vrátenie dane zahraničnej osobe z tretieho štátu v roku 2015

Podmienky, ktoré je potrebné splniť, aby mala zahraničná osoba z tretieho štátu nárok na vrátenie dane v roku 2015.

Saved in:
Bibliographic Details
Main Author: Válek, Juraj, 1981-
Format: Book Chapter
Language:Slovak
Subjects:
Tags: Add Tag
No Tags, Be the first to tag this record!

MARC

LEADER 00000nla a2200000 4500
001 0204612
005 20240502073421.7
041 0 |a slo 
044 |a SK 
245 1 0 |a Podmienky na vrátenie dane zahraničnej osobe z tretieho štátu v roku 2015  |c Juraj Válek 
520 |a Podmienky, ktoré je potrebné splniť, aby mala zahraničná osoba z tretieho štátu nárok na vrátenie dane v roku 2015. 
610 2 0 |a dane 
610 2 0 |a oslobodenie od daní 
610 2 0 |a podnikanie 
610 2 0 |a podnikatelia 
610 2 0 |a tovar 
610 2 0 |a služby 
610 2 0 |a Európska únia 
100 1 |a Válek, Juraj, 1981-